Personnage des aventures de Tintin : Milou (Vol.II) - Statistiques

Statistiques générales
  • Ce quiz a été pris 30 fois
  • Le résultat moyen est 15 sur 18
Statistiques - réponses
Questions Réponses % Correct
Vaisseau dont Milou fait tomber la maquette que Tintin avait achetée pour l'offrir au capitaine Haddock. La Licorne
94%
Objet que Milou rapporte au roi de Syldavie après l'avoir récupéré alors qu'il était tombé de la poche du manteau de Tintin. Le sceptre d'Ottokar
94%
Partie du corps de Milou que le capitaine Haddock confond avec la mèche qui a servi à la dynamite que son ancêtre le chevalier de Hadoque avait allumée pendant son combat avec Rackham le Rouge. Sa queue
94%
Animal préhistorique du squelette duquel Milou vole un os au Musée d'histoire naturelle. Un dinosaure / diplodocus
94%
Fruit dont Tintin lance le trognon par derrière lui, lorsqu'il est sur l'aérolithe, après l'avoir mangé, sans se rendre compte que ce trognon est tombé sur l'oreille de Milou. Une pomme
94%
Récipient destiné aux ordures, dans lequel Milou a la mauvaise habitude de faire des fouille à la recherche d'un os, si bien qu'il se retrouve avec une boîte de conserve autour de sa gueule, boîte de conserve qui envoie d'ailleurs Tintin dans une nouvelle aventure. Une poubelle
94%
Substance ayant fondu du fait de la chaleur induite par la météorite s'approchant à grande vitesse de la terre. De ce fait, Milou reste collé à cette substance au milieu de la rue. L'asphalte
89%
Animal désertique décédé et réduit à l'état de squelette dont Milou a déniché un os après l'atterrissage catastrophique de Tintin dans le désert marocain. Un dromadaire
89%
Plat à base d'œufs que Milou souhaite déguster sur l'aérolithe lorsque Tintin découvre ce qu'il croit être un œuf mais qui n'est en fait qu'un champignon en train de pousser. Une omelette
89%
Volaille que Milou vole sur le Sirius, lors de l'expédition de Tintin et du capitaine Haddock à la recherche du trésor de Rackham le Rouge. Un poulet
89%
Invention d'Alexander Graham Bell permettant les communications à distance. Milou apporte un tel appareil à Tintin qui se trouve toujours au lit. Le téléphone
83%
Équipement qui empêche un animal de mordre ou d'ouvrir sa gueule. Tintin menace Milou de lui placer cet objet sur sa gueule s'il s'avisait de recommencer à faire la même bêtise que celle évoquée à la question précédente. Une muselière
83%
Instrument d'optique que Milou apporte à Tintin. La scène qui se trouve dans l'album "Le Crabe aux pinces d'or" a été reprise deux fois par Steven Spielberg dans son film dans des contextes tout différents. Une loupe
72%
Peau d'animal, généralement de mouton, de chèvre ou de veau, qui jadis était spécialement préparée pour servir de support à l'écriture, à la peinture ou à la reliure. Milou a flairé qu'un tel support se trouve dissimulé dans le mât central de la maquette du vaisseau précédent. Un parchemin
72%
Objet appartenant au professeur Tournesol que Milou a rapporté à deux reprises après que le capitaine Haddock passablement agacé l'a d'abord envoyé à l'ouest, puis l'a enterré. Son pendule
67%
Cuisse d'un animal, en général d'un agneau, que Milou a volée chez un Marocain. Un gigot
61%
Mouvement d'oscillation transversal d'un bateau, sous l'effet de la houle. Milou s'en plaint sur le Karaboudjan mais il faut dire qu'il est ivre. Le roulis
50%
Maître cuisinier à bord du Sirius agacé du comportement de Milou qu'il accuse à tort ou à raison de tout lui voler. Il porte le nom d'un (futur) célèbre acteur belge. Van Damme
44%
Aucun quiz correspondant
Distribution des résultats
% des personnes avec chaque résultat
Percentile par nombre de réponses
Votre historique - résultats
Vous n’avez pas pris ce quiz